00780 2200301 4500001002100000005001500021035002000036007000300056040001700059100002600076245003500102250001100137300003800148020001800186041000800204082001000212084001600222090002000238264003800258336002100296337003000317338002300347850001000370008004100380650001000421504002500431990002200456INLIS00000000000549320260513081849 a0010-0222000583ta aSBPUPADbIND0 aAbu AhmadiePengarang1 aDosa Dalam Islam /cAbu Ahmadi aCet. 2 a217 hlm. :biilus. ;c20,5x14,5cm a979-518-019-3 aind a297.5 a297.5 ABU d a297.4 SAY f 5-4 aJakarta :bPT Rineka Cipta,c1996 2rdacontentaTeks 2rdamediaaTanpa Perantara 2rdacarrieraVolume aPUPAD260513 0  4aIslam aBibliografi, 217 hlm a020/Br/Arpus/2007